| 000 | 00930nam a2200205 u 4500 | ||
|---|---|---|---|
| 005 | 20230920064602.0 | ||
| 008 | 160210s2013 mx r 000 0 spa d | ||
| 035 | _aUPN01000208075 | ||
| 049 | _aCD | ||
| 050 | 4 |
_aJ172 _b2012 |
|
| 110 | 1 |
_aMéxico (D.F.). _bJefe de Gobierno (2012-2018 : Mancera Espinosa) _938710 |
|
| 245 | 0 |
_a1 informe de Gobierno : _bversión electrónica : Ciudad de México : decidiendo juntos : Gobierno del Distrito Federal : 2012-2013 / _cMiguel Angel Mancera Espinosa. |
|
| 260 |
_aMéxico: _bGobierno del Distrito Federal, _c2013. |
||
| 300 |
_a1 CD-ROM ; _c4 3/4 plg. |
||
| 500 | _aLa Biblioteca cuenta con versión impresa, con clasificación: C/J172/D5.7 2012 | ||
| 650 | 4 |
_aJEFES DE GOBIERNO - _zMEXICO (D.F) - _xINFORMES _924744 |
|
| 651 | 4 |
_aDistrito Federal (México) _vEstadística _vAnuarios _913322 |
|
| 651 | 4 |
_aDistrito Federal (México) _xPolítica y gobierno _914004 |
|
| 905 | _aElectrónico | ||
| 999 |
_c180176 _d180176 |
||